Quali paesi ai Mondiali di calcio - Statistics

Statistiche generali
  • Questo quiz è stato fatto 2.821 volte
  • Il punteggio medio è 12 su 16
Statistiche sulle risposte
Domanda Casella Select % Corretto
. Belgio
93%
. Messico
90%
. Mongolia No
89%
. Filippine No
87%
. Austria
85%
. Turchia
82%
. Sudafrica
80%
. Ecuador
78%
. India No
77%
. Arabia Saudita
73%
. Canada
71%
. Côte d'Ivoire
71%
. Tunisia
66%
. Finlandia No
65%
. Islanda
62%
. Nuova Zelanda
58%
Nessun quiz corrispondente trovato
Distribuzione punteggi
Percentuale di utenti per punteggio
Percentile per numero di risposta
I tuoi punteggi nel tempo
Non hai fatto questo quiz